Ethnography: Principles in practice (Record no. 1400124)

MARC details
000 -LEADER
fixed length control field 00662nam a2200241Ia 4500
005 - DATE AND TIME OF LATEST TRANSACTION
control field 20260415173415.0
008 - FIXED-LENGTH DATA ELEMENTS--GENERAL INFORMATION
fixed length control field 008 250505s9999 xx 000 0 eng d
020 ## - INTERNATIONAL STANDARD BOOK NUMBER
International Standard Book Number 978-1-032-63320-6
037 ## - SOURCE OF ACQUISITION
Stock number TextBook
040 ## - CATALOGING SOURCE
Original cataloging agency FEDL
Language of cataloging eng
Transcribing agency FEDL
041 ## - LANGUAGE CODE
Language code of text/sound track or separate title eng
Source of code eng
084 ## - COLON CLASSIFICATION NUMBER
Classification number 306.072 HAM/R
Assigning agency FEDL
100 ## - MAIN ENTRY--PERSONAL NAME
Personal name Hammersley Martyn
245 #0 - TITLE STATEMENT
Title Ethnography: Principles in practice
250 ## - EDITION STATEMENT
Edition statement 4
260 ## - PUBLICATION, DISTRIBUTION, ETC.
Place of publication, distribution, etc. London, UK
Name of publisher, distributor, etc. Routledge
Date of publication, distribution, etc. 2019
300 ## - PHYSICAL DESCRIPTION
Extent xii, 280p.
365 ## - TRADE PRICE
Price type code INR
Price amount 13.25
546 ## - LANGUAGE NOTE
Language note Reprint, 2023
700 ## - ADDED ENTRY--PERSONAL NAME
Personal name Atkinson Paul
9 (RLIN) 783693
942 ## - ADDED ENTRY ELEMENTS (KOHA)
Koha item type Textbook
Classification part 306.072 HAM/R
Holdings
Withdrawn status Lost status Damaged status Not for loan Home library Current library Date acquired Cost, normal purchase price Total Checkouts Full call number Barcode Date last seen Price effective from Koha item type
        Department of Education Library Department of Education Library 2025-05-08 13.25   306.072 HAM/R EL0094125 2026-04-13 2025-05-08 Textbook
Copyright @ Delhi University Library System